00838nam a22001817a 4500003000400000005001700004008004100021020001800062040001300080082001200093100002400105245011400129260003900243300004000282500026200322650003700584650003500621OSt20230726184758.0230726b ||||| |||| 00| 0 spa d a9789583029783 cCO-MqBPB aNbBLAc a Blanck,Ulfd1962-  a Los cazafantasmas / cUlf Blanck ; traducción Felipe Sarmiento Espinosa ; ilustraciones Fernando Cortés. a Bogotá : bPanamericana,c 2009 a94 páginas ; bTapa Dura,c22 cm. a¿Por qué todos huyen despavoridos de la mansión de la señora Almond? ¿Será posible que esté embrujada? Justus, Peter y Bob deciden comenzar la investigación y para ello deberán pasar la noche en la casona, junto a sus misteriosos habitantes. aNovela InfantilxNovela alemana  aNovela policíaca xaventuras